Phraséologie latine / (Record no. 159287)

MARC details
000 -LEADER
campo de control de longitud fija 00868nam a22002295i 4500
001 - NÚMERO DE CONTROL
campo de control 159287
003 - IDENTIFICADOR DE NÚMERO DE CONTROL
campo de control ES-MaACL
005 - FECHA Y HORA DE LA ÚLTIMA TRANSACCIÓN
campo de control 20251207155358.0
008 - DATOS DE LONGITUD FIJA--INFORMACIÓN GENERAL
campo de control de longitud fija 040909s1900 fr |||| | fre d
040 ## - FUENTE DE CATALOGACIÓN
Centro catalogador/agencia de origen CAM
Lengua de catalogación spa
Centro/agencia transcriptor CAM
100 1# - ENTRADA PRINCIPAL--NOMBRE DE PERSONA
Nombre de persona Meissner, Carl.
9 (RLIN) 129800
245 10 - MENCIÓN DEL TÍTULO
Título Phraséologie latine /
Mención de responsabilidad, etc. par C. Meissner; traduite de l'allemand et augmentée de l'indication de la source des passages cités par Charles Pascal.
250 ## - MENCION DE EDICION
Mención de edición 4e éd.
260 ## - PUBLICACIÓN, DISTRIBUCIÓN, ETC.
Lugar de publicación, distribución, etc. Paris :
Nombre del editor, distribuidor, etc. Librairie C. Klincksieck,
Fecha de publicación, distribución, etc. 1900 (
Lugar de fabricación/manufactura Rennes :
Fabricante Imp. Fr. Simon)
300 ## - DESCRIPCIÓN FÍSICA
Extensión XXIV, 449 p. ;
Dimensiones 17 cm.
490 1# - MENCIÓN DE SERIE
Mención de serie Nouvelle collection a l'usage des classes ;
Designación de volumen o secuencia 8
650 #4 - PUNTO DE ACCESO ADICIONAL DE MATERIA--TÉRMINO DE MATERIA
Término de materia o nombre geográfico como elemento de entrada Lengua latina.
9 (RLIN) 14291
700 1# - ENTRADA AGREGADA--NOMBRE PERSONAL
Nombre de persona Pascal, Charles.
9 (RLIN) 130872
830 0# - PUNTO DE ACCESO ADICIONAL DE SERIE-TÍTULO UNIFORME
Título uniforme Nouvelle collection à l'usage des classes
Designación de volumen o secuencia 8
9 (RLIN) 188199
852 ## - LOCALIZACIÓN
Ubicación ES-MaACL
Número de control de estantería D-2575
Nota libre -- Enc. tela
Holdings
Estatus retirado Estado de pérdida Estado de daño No para préstamo Colección Biblioteca de origen Biblioteca actual Ubicación en estantería Fecha de adquisición Fuente de adquisición Total de préstamos Signatura topográfica completa Código de barras Visto por última vez Precio de reemplazo Tipo de ítem Koha
        Libros del s. XIX Biblioteca del Ateneo de Madrid Biblioteca del Ateneo de Madrid Sala Valle Inclán 17/01/2008     D-2575 901166748 23/02/2023 23/02/2023 Libro impreso antiguo